000
00308nam a22001337a 4500
008
170721b xxu||||| |||| 00| 0 eng d
020
_a
0470265884
041
_a
eng
080
_a
004
100
_a
28
101
_a
SHKI
245
_a
INTRODUCTION TO SIMULATION AND SLAM
_c
PRITSKER, A.A.B
942
_2
udc
_c
BK
999
_c
21744
_d
21744